000 00723cam a22002052 4500
001 0000023513
005 20151217161203.0
008 130211s xx 000 0 eng d
040 _aKABU
_cKABU
110 2 _aInternational Organization for Standardization [ISO]
_@0000182946
245 1 0 _a!SO 14001 Environmental management systems :
_brequirements with guidance for use /
_cISO.
250 _a2nd ed.
260 _aGeneva :
_bISO,
_c2004.
300 _avii, 23 p.
650 0 _aEnvironmental management
_xStandards.
_@0000182947
650 0 _aProduction management
_xEnvironmental aspects.
_@0000182948
852 1 _9p11923 KES
908 _a130211
950 _@1
999 _c15282
_d15282